Một số giải pháp nâng cao hiệu quả công tác thanh tra giáo dục ở trường Đại học Đồng Tháp Luận văn Thạc sĩ giáo dục học. Chuyên ngành: Quản lý giáo dục. Mã số: 60.14.05

সংরক্ষণ করুন:
গ্রন্থ-পঞ্জীর বিবরন
প্রধান লেখক: Nguyễn, Chí Gót
অন্যান্য লেখক: Phạm, Minh Hùng (Hướng dẫn)
বিন্যাস: গবেষণাপত্র সজ্জা গ্রন্থ
ভাষা:Vietnamese
প্রকাশিত: Vinh Đại học Vinh 2013
বিষয়গুলি:
ট্যাগগুলো: ট্যাগ যুক্ত করুন
কোনো ট্যাগ নেই, প্রথমজন হিসাবে ট্যাগ করুন!
Thư viện lưu trữ: Trung tâm Học liệu Lê Vũ Hùng, Trường Đại học Đồng Tháp
LEADER 01216ppm a22002898a 4500
001 00031347
005 20171026081025.0
008 131203s2013 ||||||viesd
041 0 # |a vie 
082 1 4 |b M458S  |a 378.1 
100 1 # |a Nguyễn, Chí Gót 
245 0 0 |a Một số giải pháp nâng cao hiệu quả công tác thanh tra giáo dục ở trường Đại học Đồng Tháp  |b Luận văn Thạc sĩ giáo dục học. Chuyên ngành: Quản lý giáo dục. Mã số: 60.14.05  |c Nguyễn Chí Gót; Phạm Minh Hùng (hướng dẫn) 
260 # # |a Vinh  |b Đại học Vinh  |c 2013 
300 # # |a 83 tr.+ phụ lục  |c 30cm. 
500 # # |a ĐTTTS ghi: Bộ giáo dục và đào tạo. Trường Đại học Vinh 
653 # # |a Công tác thanht ra 
653 # # |a Quản lý giáo dục 
653 # # |a Luận văn 
653 # # |a Giáo dục  |a Đại học Đồng Tháp 
700 1 # |a Phạm, Minh Hùng  |e Hướng dẫn 
852 # # |j LV.0000488 
852 # # |b Kho đọc SĐH  |j LV.0000488 
910 |d 03/12/2013 
980 # # |a Trung tâm Học liệu Lê Vũ Hùng, Trường Đại học Đồng Tháp